[Event "FIDE GP"]
[Site "Moscow"]
[Date "2002.06.04"]
[Round "4.1"]
[White "Bareev, Evgeny"]
[Black "Grischuk, Alexander"]
[Result "1/2-1/2"]
[WhiteElo "2724"]
[BlackElo "2702"]
[Annotator "Huzman,A"]
[PlyCount "122"]
[EventDate "2002.06.01"]
[EventType "k.o. (rapid)"]
[EventRounds "5"]
[EventCountry "RUS"]
[SourceTitle "CBM 090"]
[Source "ChessBase"]
[SourceDate "2002.09.20"]
[SourceVersion "1"]
[SourceVersionDate "2002.09.20"]
[SourceQuality "1"]

1. d4 d5 2. c4 e6 3. Nf3 dxc4 4. e3 a6 5. Bxc4 c5 6. O-O Nf6 7. dxc5 Qxd1 8.
Rxd1 Bxc5 9. Be2 O-O 10. b3 b6 11. Nc3 {[%cal Gc3a4]} Nbd7 12. Bb2 Be7 (12...
Bb7 13. Na4 Be7 14. Bxf6 $16) (12... Rd8 $5 13. Rac1 (13. Na4 Be7 14. Rac1 b5
15. Nc5 Nxc5 16. Rxd8+ Bxd8 17. Rxc5 Bb7 $11) 13... Be7 14. e4 Bb7 15. e5 Ng4
16. Na4 b5 17. Rxd7 Rxd7 18. Nb6 Rad8 19. Nxd7 Rxd7 $11) 13. e4 $1 Bb4 14. e5
Bxc3 15. Bxc3 Nd5 16. Bb2 a5 $6 {[%cal Yc8a6]} (16... Bb7 $5) 17. Rac1 Ba6 18.
Bc4 $1 Bb7 19. Nd2 {[%cal Gd2e4,Ge4d6]} Nc5 20. Bd4 Rfc8 21. g3 (21. Bxc5 bxc5
22. Ne4 Ne3 23. Nd6 Nxd1 24. Nxc8 Rxc8 25. Rxd1 Bc6 $14) 21... h6 22. Bxc5 bxc5
23. Bf1 $1 {[%cal Gd2c4,Gc4d6]} (23. Ne4 Ne3 24. Nd6 Nxd1 25. Nxc8 Rxc8 26.
Rxd1 Kf8 27. Rd7 Bc6 28. Ra7 Rd8 $132) 23... a4 24. Bg2 axb3 25. axb3 Ra3 (
25... Rc7 $142 26. Ne4 Ra5 $14) 26. Ra1 Rxa1 $6 (26... Rca8 27. Rxa3 Rxa3 28.
Rc1 (28. Ne4 Rxb3 29. Nxc5 Rb4 30. Nxb7 Rxb7 31. Bxd5 exd5 32. Rxd5 $14) 28...
Kf8 29. Rxc5 Ra1+ 30. Bf1 Rd1 31. Nc4) 27. Rxa1 Bc6 28. Rc1 $1 Ra8 29. Rxc5
Ra1+ 30. Nf1 $16 Bd7 31. Be4 Re1 32. f3 Re2 33. Rc2 Re1 34. Kf2 Ra1 35. Bxd5 (
35. Ne3 $5) 35... exd5 36. Rb2 d4 37. Nd2 Bb5 38. Ne4 Bc6 39. Nd6 {[%cal Gb3b5]
} Bd5 $2 (39... Kf8 $142) 40. Nf5 Kf8 41. Nxd4 $18 Rd1 42. Ke3 Re1+ 43. Ne2 Bc6
44. b4 Bb5 45. Kf2 Rh1 46. Kg2 Re1 47. Kf2 Rh1 48. h4 Ke7 49. Ke3 $2 (49. Rd2
$1 $18 Rb1 $140 50. Nc3) 49... Bxe2 $1 50. Rxe2 Rb1 $14 51. Kf4 Rxb4+ 52. Re4
Rb6 53. h5 f6 54. Kf5 fxe5 55. f4 Rb3 56. g4 Rf3 57. Rxe5+ Kf7 58. Ra5 Rb3 59.
g5 hxg5 60. fxg5 g6+ 61. hxg6+ Kg7 1/2-1/2

[Event "FIDE GP"]
[Site "Moscow"]
[Date "2002.06.04"]
[Round "4.2"]
[White "Grischuk, Alexander"]
[Black "Bareev, Evgeny"]
[Result "1-0"]
[WhiteElo "2702"]
[BlackElo "2724"]
[Annotator "Lukacs,P"]
[PlyCount "53"]
[EventDate "2002.06.01"]
[EventType "k.o. (rapid)"]
[EventRounds "5"]
[EventCountry "RUS"]
[SourceTitle "CBM 090"]
[Source "ChessBase"]
[SourceDate "2002.09.20"]
[SourceVersion "1"]
[SourceVersionDate "2002.09.20"]
[SourceQuality "1"]

1. e4 c6 2. d4 d5 3. e5 Bf5 4. Nc3 e6 5. g4 Bg6 6. Nge2 c5 7. h4 h5 8. Nf4 Bh7
9. Nxh5 Nc6 10. dxc5 Bxc5 11. Bg2 {White has to finish his development quickly,
because he cannot defend both weaknesses on e5 and c2.} (11. Bb5 {-
Topalov-Gelfand, Dortmund 2002 CBM 90}) 11... Nd4 (11... Nb4 $142 $5 {
attacking >< c2 was the other alternative.} 12. Bg5 (12. Nxg7+ Kf8 $17) 12...
Qc7 13. Rc1 Qxe5+ 14. Kf1 Rc8 (14... Nc6 {- 11...Nd4 12.Bg5 Qc7}) 15. Bf4 Qd4
16. Qe2 Bxc2 17. Rxc2 (17. Be5 Bd3 $1 18. Nxg7+ Kf8 $17) 17... Nxc2 18. Be5
Ne3+ $1 19. Qxe3 Qc4+ 20. Qe2 Qxe2+ 21. Nxe2 f6 22. Bc3 Kf7 23. Nhf4 Ne7 $13 {
materially White is a little bit better, but Black's central pawns are rather
strong depriving the knights from blockading squares.}) 12. Bg5 (12. Nxg7+ $6 {
is simply worse due to} Kf8 13. Nf5 (13. Bg5 Qc7 $17) 13... exf5 14. Be3 Ne6
15. Bxc5+ Nxc5 16. Nxd5 (16. Qd4 Ne6 $17) 16... fxg4 (16... Ne7 17. g5) 17.
Qxg4 Bxc2 $17) 12... f6 $2 {The opening of the position works clearly for
White's favour.} (12... Qc7 $5 {is the standard reply.} 13. Rc1 $5 (13. Nxg7+
Kf8 $17) 13... Bg6 (13... Qxe5+ $143 14. Kf1 {/\ Bf4 trapping the Q.} Nc6 (
14... Rc8 15. Bf4 $18) 15. Bf4 $16) 14. Nxg7+ (14. Bf4 Bxh5 15. gxh5) 14... Kf8
15. Nh5 (15. Be3 Qxe5) 15... Bxh5 16. gxh5 Qxe5+ 17. Kf1 $14 {and Black's |^
in the [+] is repelled.}) 13. Nxg7+ Kf7 14. exf6 Qd6 (14... Nxf6 15. Nh5 {
with a nasty pin.} Nxc2+ 16. Kf1 Be7 17. Bxf6 Bxf6 18. Rc1 Rc8 19. Nxf6 Qxf6
20. Rxc2 Bxc2 21. Qxc2 d4 (21... Rxh4 22. Rxh4 Qxh4 23. Bxd5 $1 $16) 22. Rh3
$16 {/\ Rf3}) (14... Nxc2+ 15. Kf1 Nxf6 {is again met by} 16. Nh5 Be7 {14...Nf6
}) (14... Bxc2 15. Qd2 $1 $16) 15. Nh5 $6 {White had two other promising
continuations here.} (15. Nf5 $5 exf5 16. Bxd5+ Ne6 17. gxf5 Bxf5 18. Qf3 Bxc2
19. Rc1 $16) (15. Rc1 Qe5+ 16. Kf1 $16) 15... Nxc2+ 16. Kf1 Nxa1 17. Qxa1 {[#]}
d4 (17... Bd3+ $142 $1 {worsening the K's position.} 18. Kg1 Bg6 $1 {Black has
to eliminate the strong N on h5.} (18... Qb6 19. Qe1 Qxb2 {is a useless
hunting for pawns.} 20. Nf4 Bxf2+ 21. Qxf2 $18) 19. Nf4 (19. b4 $5 Bb6 20. Nf4
Qe5 21. Nxg6 Kxg6 22. h5+ Kf7 23. Qb1 Qxg5 24. Qg6+ Qxg6 25. hxg6+ Kxf6 26.
Rxh8 Kxg6 $15) 19... Nxf6 20. Nxg6 Kxg6 {>< f2} 21. Qd1 (21. Qb1+ Kg7 22. Bxf6+
(22. h5 Nxg4) 22... Kxf6 23. g5+ Kg7 24. h5 Qf4 $1 $132) 21... Raf8 $1 $13 {
>< f2, with immense complications.}) 18. Ne4 Bxe4 (18... Qa6+ 19. Kg1 Bxe4 20.
Bxe4 $16) 19. Bxe4 {The position now resembles to the old romantic games of
the XIX-th century!} d3 (19... Qa6+ 20. Kg2 $16) 20. Qd1 {White has a decisive
advantage on the >>, but he has to deal with the strong d o^.} Rd8 (20... Qd4
21. Qf3 d2 22. Kg2 Rd8 {- 20...Rd8}) 21. Kg2 (21. Nf4 {is less clear, for
example:} Nxf6 22. Bg6+ Kg7 23. Bxf6+ Kxf6 24. g5+ Kg7 25. Qf3 Rhf8 (25... d2
26. Nh5+ Kxg6 27. Qf6+ Kxh5 28. Qf3+ Kg6 $11) 26. Qh5 Rh8 27. Qf3 d2 (27...
Rhf8 28. Qh5 $11) 28. Nh5+ Kxg6 29. Qf6+ Kxh5 30. Qf3+ Kg6 31. Qf6+ $11) 21...
d2 (21... Qd4 $142 22. Qf3 d2 23. Rd1 Qxb2 24. Nf4 $16 {and finally White
comes on the >>.}) 22. Qc2 Nh6 (22... Bxf2 23. Bh7 $1 $18) (22... Bb4 23. Rd1
$18 {blockading the dangerous o^ just in time.} (23. Bh7 Qc6+ $1)) 23. Bh7 $1 {
/\ Qg6} Nf5 24. gxf5 Qd5+ 25. f3 e5 26. Bg6+ Kf8 27. Ng7 1-0

[Event "FIDE GP"]
[Site "Moscow"]
[Date "2002.06.05"]
[Round "5.1"]
[White "Grischuk, Alexander"]
[Black "Ivanchuk, Vassily"]
[Result "1-0"]
[WhiteElo "2702"]
[BlackElo "2711"]
[Annotator "Rogozenco,D"]
[PlyCount "121"]
[EventDate "2002.06.01"]
[EventType "k.o. (rapid)"]
[EventRounds "5"]
[EventCountry "RUS"]
[SourceTitle "CBM 090"]
[Source "ChessBase"]
[SourceDate "2002.09.20"]
[SourceVersion "1"]
[SourceVersionDate "2002.09.20"]
[SourceQuality "1"]

1. e4 {Hecht} c5 2. Nf3 Nc6 3. d4 cxd4 4. Nxd4 Nf6 5. Nc3 e5 6. Ndb5 d6 7. Bg5
a6 8. Na3 b5 9. Bxf6 gxf6 10. Nd5 f5 11. Bd3 Be6 12. O-O Bg7 {Transposing to
the old main line. In the last years much more popular is 12...Bxd5.} (12...
Bxd5 13. exd5 Ne7 14. c3 {is the fashionable variation of the late 1990s -
beginning of 2000.}) 13. Qh5 $1 {Most precise.} f4 14. c4 bxc4 15. Bxc4 O-O 16.
Rac1 Rb8 17. b3 Qd7 (17... Qa5 {was considered playable until after} 18. Nc2
Qxa2 {Lutz found a very strong} 19. Ncb4 $1 {which practically ruled out 17...
Qa5.} Nxb4 20. Ne7+ Kh8 21. Bxe6 fxe6 (21... Rb7 22. Bf5 h6 23. Ng6+ $1 fxg6
24. Qxg6 Kg8 25. Rc3 Qa5 (25... Rd8 26. Qe6+ Kh8 27. Rc8 Qa5 28. Rfc1 $18) 26.
Rfc1 Na2 27. Rc8 Nxc1 28. Be6+ {1-0 Khruschiov,A-Yagupov,I/Tula 2001}) 22. Ng6+
Kg8 23. Nxf8 Rxf8 24. Rc7 Kh8 25. Rfc1 (25. Qg4 $1 {Indicated by Babula, is
winning for White.} Rg8 26. Qxe6 {and White wins in all lines.}) 25... Qd2 26.
Qg5 Rg8 27. Rc8 h6 28. Qg6 Rf8 29. R8c7 Rg8 30. Rc8 Rf8 31. R8c7 {1/2-1/2 Lutz,
C-Babula,V/Bundesliga 1999.}) 18. Rfd1 $1 {White doesn't need to waste time
for 18.h3.} (18. h3 Kh8 19. Rfd1 Nd4 20. Nc2 Nxc2 21. Rxc2 f5 $132 {
Tukmakov-Sveshnikov, Tbilisi 1978}) 18... Kh8 (18... Bg4 19. Qg5 $16 {[%cal
Gd5f6]}) (18... Nd4 19. Nc2 Nxc2 20. Rxc2 Kh8 {And if White plays 21.h3?!
we'll have the above-mentioned game Tukmakov-Sveshnikov. But White has a much
stronger move:} 21. Qh4 $1 {[%cal Gd5f6]} f5 22. Ne7 $1 fxe4 23. Ng6+ Kg8 24.
Nxf8 Rxf8 25. Qg4 $18 {1-0 Howell,J-Jelen,I/Bled 1995 (43)}) 19. Qh4 Bxd5 (
19... f5 {is another theoretical move. After tactical complications White will
be a pawn up, but Black keeps some compensation. According to theory the game
move 19...Bxd5 leads to an edge for White.}) 20. Bxd5 Nb4 21. Nc4 $5 $146 {
Up to this moment both sides played the most critical moves of the variation
12...Bg7, demonstrating a very good opening preparation. Here White makes an
interesting novelty. The theoretical continuations 21.Rd2 and 21.Rc3 also give
an advantage, but improvement by Black are possible.} Nxa2 22. Rc2 Nb4 23. Rcd2
{Black will have to give back the pawn d6. After restoring material, White
will remain with an edge, thanks to the passivity of the bishop on g7.
Ivanchuk will try to activate it, but still remains with an worse position.
All in all the game confirmed that in this line White traditionally gets an
advantage.} Qd8 (23... Rb5 $5) 24. Qxd8 Rbxd8 25. Nb6 f3 26. Bc4 d5 27. Nxd5
Bh6 {Ivanchuk is close to equalize, but he fails to solve all the problems.
White has an unpleasant initiative and Black must play very accurately in
order to reach the draw - a difficult task for a rapid game.} 28. Ne3 Rxd2 29.
Rxd2 fxg2 30. Kxg2 Rg8+ 31. Kh3 (31. Kf3 Nc6 $1 $132 {[%cal Gc6d4]}) 31... Bxe3
32. fxe3 Rg1 33. Rd7 $16 {[%csl Rb4]} Kg7 34. Rxf7+ Kg6 35. Re7 Re1 36. Re6+
Kg7 37. Re7+ Kf6 38. Re6+ Kg7 39. Kg4 {The right plan to activate the king.
Black is lost.} Rxe3 40. Kf5 Nd3 41. Re7+ Kh6 42. Re6+ Kh5 {The time plays its
role. Black had to come back with the king, hoping to stop later the advance
of e-pawn.} 43. Bxd3 Rxd3 44. b4 Rh3 45. Rxa6 Rxh2 46. Kxe5 {Hecht: '[#] Thema:
Figurenzusammenspiel Aktive weiße Figuren. Rapidschach!'} Kg4 47. Ra1 ({
Ein interessanter Plan war auch} 47. Rd6 {Hecht} h5 (47... Rb2 {Hecht} 48. Rd4
$1 (48. Rh6 $2 {Hecht} Rxb4 49. Rxh7 Rb5+ $11) 48... h5 49. Kd6 h4 50. e5+ $18
{mit Vormarsch des e-Bauern unter Assistenz des Königs, der wiederum
Rückendeckung durch den Turm erhält.}) 48. Rd4 h4 49. Kd6 h3 50. e5+ Kg3 51.
Rd3+ Kg4 (51... Kg2 {Hecht} 52. e6 Rh1 53. e7 Re1 54. Kd7 h2 55. Rd2+ Kg3 56.
e8=Q Rxe8 57. Rxh2 $18) 52. e6 Re2 53. e7 h2 54. Rd1 Kg3 55. b5 Kg2 56. b6 h1=Q
57. Rxh1 Kxh1 58. b7 Rd2+ 59. Kc5 Rc2+ 60. Kd4 Rd2+ 61. Kc3 $18 {Für die näher
zu prüfende haarscharfe Variante lege ich meine Hand nicht ins Feuer.}) 47...
Rb2 48. Rg1+ Kf3 49. Rf1+ (49. Kf5 $142 {Hecht} Rxb4 50. e5 (50. Rf1+ {Hecht}
Kg3 51. Rh1 $1) 50... Rf4+ 51. Kg5 h6+ 52. Kg6 Re4 $132) 49... Kg4 50. Rf4+ {
'?!' Hecht.} Kg3 {'?' Hecht.} (50... Kg5 $142 {Hecht} 51. Rf7 h5 $132) 51. Kf5
Rxb4 52. Rg4+ Kf3 (52... Kh3 {Hecht} 53. Rg5 Kh4 54. Rg7 h5 55. Rg1 $1 $18 {
[%csl Rh5][%cal Rg1h1]}) 53. Rh4 {Hecht: 'Wirksame Sperre gegen den schwarzen
König sowie unbrauchbarer h-Bauer.'} Rb7 54. e5 Kg3 55. Rh6 Rf7+ 56. Ke6 Ra7
57. Kf6 Kg4 58. e6 Rb7 59. e7 Rb6+ 60. Kg7 Rb7 61. Kf7 1-0

[Event "FIDE GP"]
[Site "Moscow"]
[Date "2002.06.05"]
[Round "5.2"]
[White "Ivanchuk, Vassily"]
[Black "Grischuk, Alexander"]
[Result "1-0"]
[WhiteElo "2711"]
[BlackElo "2702"]
[Annotator "Ftacnik,L"]
[PlyCount "94"]
[EventDate "2002.06.01"]
[EventType "k.o. (rapid)"]
[EventRounds "5"]
[EventCountry "RUS"]
[SourceTitle "CBM 090"]
[Source "ChessBase"]
[SourceDate "2002.09.20"]
[SourceVersion "1"]
[SourceVersionDate "2002.09.20"]
[SourceQuality "1"]

1. d4 d5 2. c4 e6 3. Nc3 c5 4. cxd5 exd5 5. Nf3 Nc6 6. g3 Nf6 7. Bg2 Be7 8. O-O
O-O 9. Bg5 c4 10. Ne5 Be6 11. f4 Ng4 12. Nxg4 Bxg4 13. Bxd5 Bxg5 14. fxg5 Qxg5
15. Rf4 Rad8 16. Qd2 (16. Qf1 Be6 17. Bxe6 fxe6 18. e3 b5 (18... h5 19. Qg2 Ne7
20. Qe4 Rxf4 21. exf4 Qf5 22. Qxf5 Nxf5 23. Nb5 Nxd4 24. Nxd4 Rxd4 {1/2-1/2
Leskiewicz,M-Haag,M/Suncoast/1999/ (29)}) 19. Qf3 Nb4 20. Rf1 Rxf4 21. Qxf4
Qxf4 22. gxf4 Nd5 23. Kf2 b4 24. Ne4 Rb8 25. Rc1 c3 26. bxc3 bxc3 27. Nxc3 Rb2+
28. Kf3 Nxc3 29. Rxc3 Rxa2 30. Rc7 (30. Ke4 Ra5 31. Rc7 Kf8 32. h4 h6 33. Rb7 {
1-0 Rogozenko,D-Fachredinov,R/Ceske Budejovice 1994/ (56)}) 30... Kf8 31. h4 h5
32. Rc5 g6 33. Rc7 a5 34. Ra7 a4 35. Ke4 {1-0 Fioramonti,H-Bachmayr,P/Zug 1991/
(70)}) 16... h6 {The position is very interesting, white hopes to take
advantage of his central pawns, but black is not without chances due to the
weaknesses on the kingside.} (16... Bh3 17. e4 Be6 18. Raf1 Bxd5 19. Nxd5 Rfe8
20. Qc3 Qg6 21. Qxc4 Rxe4 22. Rxf7 Qe6 23. Qb3 Re2 {1/2-1/2 Shulman,
Y-Bluvshtein,M/Chicago/2002/ (34)}) (16... h5 17. e4 Be6 18. Raf1 Qe7 19. a3 g6
20. Rf6 Bxd5 21. exd5 Nb8 22. R6f2 Nd7 23. Qh6 Rde8 24. Qf4 Qe3 25. Nb5 Qxf4
26. Rxf4 Nb6 27. d6 a6 28. Nc3 Rd8 29. Rf6 Nd7 30. R6f2 f5 31. Re2 Rf6 {
0-1 Nogueiras,J-Lputian,S/Sarajevo 1985/ (42)}) (16... Bh5 17. e4 Kh8 18. Raf1
Qe7 19. Qf2 Rd7 20. e5 Qd8 21. e6 Rd6 22. exf7 g5 23. Re4 Kg7 24. Bxc6 bxc6 25.
Re8 Rxe8 26. fxe8=Q Qxe8 27. d5 cxd5 28. Qd4+ Kg6 29. g4 {1-0 Niklasch,
O-Becker,T/GER 1999/ (58)}) (16... Ne7 17. e4 Nxd5 18. Nxd5 Be6 19. Ne3 b5 20.
d5 Bc8 21. Qd4 f6 22. b3 cxb3 23. axb3 a6 24. b4 Rfe8 25. Rc1 Qg6 26. Rc7 {
1/2-1/2 Vadasz,L-Dupsky,L/Szeged 1998/ (39)}) 17. Rd1 (17. Bxc4 $2 Nxd4 $17)
17... Be6 18. Bg2 (18. Bxe6 fxe6 19. Rxf8+ Kxf8 20. Qxg5 hxg5 21. e3 Ke7 $11)
18... Bc8 (18... Bd7 19. d5 Ne5 20. d6 $14) 19. Qe3 Ne7 (19... a6 20. d5 Rfe8
21. Qb6 Ne5 22. d6 $16) 20. d5 Nf5 {Grischuk somehow fails to get all his
pieces to the best squares on time, so the a7 is sacrificed.} (20... b6 21. Qf2
Nf5 22. Nb5 Ne7 23. Rxc4 Ba6 24. h4 Qe5 25. Re4 Qxb2 26. Rxe7 Bxb5 27. Rxa7 $16
) 21. Qxa7 Rfe8 22. Ne4 Qe7 (22... Qg6 23. Bf3 $16) 23. Qb6 Nd6 24. Rdf1 (24.
Qc5 b5 25. Nxd6 Qxd6 26. Qxd6 Rxd6 27. Kf2 $16) 24... f5 (24... f6 25. Qc5 $16)
25. Nxd6 Rxd6 26. Qb4 Rdd8 $6 {This move is too meek, Ivanchuk manages to get
simple endgame with a spare d5 pawn.} (26... Qe3+ 27. R1f2 Rb6 28. Qc3 Qxc3 29.
bxc3 Rb1+ 30. Rf1 Rb2 31. Rxc4 Rbxe2 32. Rd1 $16) 27. Qxe7 Rxe7 28. Rxc4 (28.
Kf2 b5 29. Rd4 $16) 28... Rxe2 29. Rfc1 Bd7 30. R4c2 Rxc2 (30... Rde8 31. Bf3
Rxc2 32. Rxc2 $16) 31. Rxc2 Kf8 32. Re2 b5 (32... Re8 33. Rxe8+ Kxe8 34. Kf2
Ke7 35. Ke3 (35. d6+ Kxd6 36. Bxb7 $16) 35... Kd6 36. Kd4 g5 37. Bf3 $16) 33.
Kf2 b4 34. Rd2 Ke7 35. d6+ $1 {[%mdl 4096] Excellent decision, since now white
can control both dark and light squares in the very center.} (35. Ke3 Kd6 36.
Kd4 Ra8 $14) 35... Ke6 36. Ke3 Rc8 37. Bd5+ Ke5 (37... Kxd6 $2 38. Bb7+ $18)
38. Bb3 Rc1 (38... Be6 39. d7 Rd8 40. Ba4 Bxa2 41. b3 Bb1 42. Rd4 $18) 39. Rd5+
Kf6 40. Kd4 Rb1 41. Re5 $1 {The rook activity will become decisive, black can
not defend and pursue counterplay at the same time.} f4 (41... Rxb2 42. Re7
Rd2+ 43. Kc5 Bc8 44. Rf7+ Ke5 45. Rc7 Be6 (45... Ba6 46. Re7+ Kf6 47. Re6+ Kg5
48. d7 Rxd7 49. Rxa6 $18) 46. Rxg7 (46. Re7 Rxd6 47. Kxb4 g5 $11) 46... Bxb3
47. axb3 Rd5+ 48. Kxb4 Rxd6 49. Re7+ $16) 42. Re7 fxg3 (42... Bh3 43. Rf7+ Kg6
44. Rxf4 Rxb2 45. Kc5 Rxh2 46. Rh4 Kf6 47. Kxb4 Rh1 48. a4 $18) 43. hxg3 Bg4 (
43... Bh3 44. Rf7+ Kg6 45. d7 Rxb2 46. Ke3 Bxd7 47. Rxd7 $18) 44. Rf7+ Kg6 45.
Rf4 Kg5 46. Rxg4+ $1 Kxg4 47. d7 Rxb2 (47... Rxb2 48. Ke3 $18) 1-0

[Event "FIDE GP"]
[Site "Moscow"]
[Date "2002.06.05"]
[Round "5.3"]
[White "Grischuk, Alexander"]
[Black "Ivanchuk, Vassily"]
[Result "1-0"]
[WhiteElo "2702"]
[BlackElo "2711"]
[Annotator "Finkel,A"]
[PlyCount "87"]
[EventDate "2002.06.01"]
[EventType "k.o. (rapid)"]
[EventRounds "5"]
[EventCountry "RUS"]
[SourceTitle "CBM 090"]
[Source "ChessBase"]
[SourceDate "2002.09.20"]
[SourceVersion "1"]
[SourceVersionDate "2002.09.20"]
[SourceQuality "1"]

1. e4 Nf6 2. e5 Nd5 3. d4 d6 4. Nf3 dxe5 5. Nxe5 g6 6. g3 {Very solid move
leading to slow positional play with minimal advantage for white.} (6. Bc4 c6)
6... Bg7 7. Bg2 O-O (7... Nb4 8. Na3 (8. Nf3 $5) 8... Bxe5 9. dxe5 Qxd1+ 10.
Kxd1 N8c6 $13 {/\ Bg4+}) 8. O-O c6 (8... Nb4 9. Nf3 Bf5 10. Na3 {/\ c3+/=}) 9.
Nd2 (9. Re1 Bf5 (9... Nd7 10. Nxd7 Bxd7 11. Na3 Be6 12. c3 a5 13. Qe2 b5 14.
Nc2 a4 $11 {Zivkovic,V-Podobnik,M/Tucepi 1996}) 10. c3 Nd7 11. Nf3 Re8 12. Nbd2
N7f6 $6 13. Nc4 $14 {Anand,V-Adams,M/Linares 1994}) (9. Qe2 Nd7 10. c4 N5b6 11.
Nf3 Nf6 12. h3 Re8 13. Nc3 Be6 14. b3 Qc8 15. Kh2 $14 {Glek,I-Wilhelm,S/Zurich
1999}) 9... Nd7 (9... Bf5 10. Ne4 Nd7 11. Nc4 N7b6 12. Na5 Bxe4 13. Bxe4 Qd7
14. Nb3 $14 {Asrian,K-Guseinov,S/Moscow 1996}) 10. Re1 $5 Nxe5 11. dxe5 Bf5 12.
a3 $14 {[%cal Gc2c4] White has more space for his pieces, which is a very
important factor.} Qc7 (12... Qd7) 13. Nf3 Bg4 14. Qe2 b5 (14... Rad8 15. h3
Bxf3 16. Bxf3 e6 17. c4 $14) 15. h3 Bxf3 16. Bxf3 e6 17. h4 h6 (17... Rfd8 18.
b3 Rd7 19. c4 bxc4 20. bxc4 Nb6 21. Qe4 Rc8 $14) 18. b3 a5 $6 19. c4 bxc4 20.
bxc4 Nb6 21. Bf4 a4 22. Rad1 $16 {Intending to come to d6.} Qe7 (22... Rad8 23.
Rd6 Rxd6 24. exd6 Qd7 25. Rb1 e5 26. Be3 Nc8 27. c5 $18 {[%csl Rc6]}) 23. Rd6
g5 $5 {Probably the best chance to get counterplay.} 24. hxg5 hxg5 25. Bd2 Nd7
26. Bxc6 (26. Bxg5 $5 Qxg5 27. Rxd7 Ra5 $1 28. Qd3 Rxe5 29. Rxe5 Qxe5 30. Bxc6
$16) 26... Nxe5 27. Bxa8 Qxd6 28. Bb4 Qb8 $2 {After this move black's position
is hopeless, while after accurate} (28... Qa6 $1 29. Bg2 (29. Bxf8 Qxa8 30.
Bxg7 Nf3+ 31. Kf1 Nh2+ $11) 29... Rc8 $14 {while had to work a lot in order to
prove that his advantage is sufficient to win the game.}) 29. Be4 $1 Rd8 (29...
Rc8 30. c5 g4 31. Qa6 $16) 30. c5 g4 31. c6 Qc7 32. Qb5 Nf3+ (32... Ra8) 33.
Bxf3 gxf3 34. Ba5 $1 $18 Rb8 35. Bxc7 Rxb5 36. Bd6 {[%cal Ge1c1,Gc6c8]} Rb2 37.
Rc1 Bd4 38. c7 Bxf2+ 39. Kh1 Be3 40. c8=Q+ Kh7 41. Be5 Bxc1 42. Qh8+ Kg6 43.
Qf6+ Kh5 44. Qxf3+ 1-0